000 00804nam a2200217 a 4500
003 0
005 20250403124611.0
008 050809s19uu xx 00 eng d
050 _aPGS HQ 769.S53
_b.R572 2005
100 _aRiguera, Richard.
245 _aCauses and effects of sibling rivalry /
_cRichard Riguera.
260 _aLas PiƱas City, Philippines :
_bSouthville International School and Colleges,
_c2005.
300 _a50 pages :
_billustrations ;
_c28 cm.
504 _aIncludes bibliographical references.
650 _aSibling rivalry.
650 _aSibling relationships
_vSocial aspects.
650 _aParenting
_vInfluences on sibling rivalry.
650 _aParental awareness
_vSibling relationships.
650 _aChild rearing
_vSibling rivalry management.
942 _2lcc
_cPASS
999 _c97418
_d97418